| 000 | 01045cam a22002774a 4500 | ||
|---|---|---|---|
| 020 | _a9781844075683 (hbk. : Earthscan) | ||
| 020 | _a1844075680 (hbk. : Earthscan) | ||
| 020 | _a9781844075690 (pbk. : Earthscan) | ||
| 020 | _a1844075699 (pbk. : Earthscan) | ||
| 020 | _a9789251059623 (pbk. : FAO) | ||
| 020 | _a9251059624 (pbk. : FAO) | ||
| 040 | _cDLC | ||
| 082 | 0 | 0 | _a338 FOO 2008 A015 Or. |
| 245 | 0 | 4 |
_aThe transformation of agri-food systems : _bglobalization, supply chains and smallholder farmers / |
| 260 |
_aRome : _bFood and Agriculture Organization of the United Nations ; _aLondon ; _aSterling, VA : _bEarthscan, _c2008. |
||
| 300 |
_axxiii, 381 p. : _bill. ; _c25 cm. |
||
| 650 | 0 | _aFood supply | |
| 650 | 0 | _aFarms, Small | |
| 650 | 0 | _aFood industry and trade | |
| 700 | 1 | _aMcCullough, Ellen B. | |
| 700 | 1 | _aPingali, Prabhu L., | |
| 700 | 1 | _aStamoulis, Kostas G. | |
| 710 | 2 | _aFood and Agriculture Organization of the United Nations. | |
| 856 | 4 | 1 | _uhttp://www.loc.gov/catdir/toc/ecip0814/2008011461.html |
| 942 | _cEK | ||
| 999 |
_c11593 _d11593 |
||